Titoli di film che contengono animali #3 - Statistics

Statistiche generali
  • Questo quiz è stato fatto 194 volte
  • Il punteggio medio è 6 su 10
Statistiche sulle risposte
Titoli dei film (incompleti) Animali % Corretto
Dumbo - l'________ volante Elefante
99%
L'________ Yoghi Orso
98%
Il ________ con gli stivali Gatto
97%
Qualcuno volò sul nido del ________ Cuculo
74%
Zeta la ________ Formica
71%
Alvin e i ________ Chipmunks
66%
Striscia, una ________ alla riscossa Zebra
63%
Il bacio della donna ________ Ragno
35%
Quattro ________ di velluto grigio Mosche
23%
Una ________ con la pelle di donna Lucertola
12%
Nessun quiz corrispondente trovato
Distribuzione punteggi
Percentuale di utenti per punteggio
Percentile per numero di risposta
I tuoi punteggi nel tempo
Non hai fatto questo quiz